zpět

Detail výsledku týmu

Záložna ST, Pardubice

Datum a čas kvízu

23 Celkem bodů Celkový počet nahraných bodů na tomto kvízu bez doplňovacích otázek.
6. Pořadí na kvízu Konečné umístění týmu na tomto kvízu.

Zaznamenané odpovědi

# Otázka Odpověď Body Výsledky
1. Jedné z českých zoologických z... Zlín 0
2. Slovenský premiér Igor Matovič... plagiátorství 0
3. Muž, který vyhrál v místní lot... Darth Vader 0
4. Německý výrobce čokolád uspěl... Ritter Sport 1
5. Nový klub NHL z amerického Sea... Kraken 1
6. Nyní se podíváme na některé dr... TRX  0
7. Tento kardiovaskulární trénink... Tabata 0
8. Na fotografii vidíme jeden z n... plank (též prkno) 1
9. Sportovní aktivity často prová... 1 kcal = 4 kJ 1
10. Na závěr tématu si pustíme vid... Jumping 1